Name a European Country A-Z - Statistics

General Stats
  • This quiz has been taken 8,929 times
  • The average score is 17 of 18
Answer Stats
Hint Answer % Correct
A Austria, Albania, Andorra
99%
B Belgium, Belarus, Bulgaria...
99%
F France, Finland
99%
D Denmark
98%
G Germany, Greece
98%
I Italy, Iceland, Ireland
98%
S Spain, Serbia, Switzerland...
98%
L Luxembourg, Latvia, Lithuania...
97%
P Poland, Portugal
97%
R Romania, Russia
97%
M Malta, Monaco, Montenegro...
96%
N Netherlands, Norway, North Macedonia
96%
C Croatia, Czechia
95%
E Estonia
95%
H Hungary
94%
U Ukraine, United Kingdom
94%
V Vatican City
92%
K Kosovo
87%
No matching quizzes found
Score Distribution
Percent of People with Each Score
Percentile by Number Answered
Your Score History
You have not taken this quiz